[Event "La Diagonale du fou 9"]
[Site "www.echecsemail.com"]
[Date "2026.01.26"]
[Round "1"]
[White "Gimick"]
[Black "Woluwe1975"]
[WhiteElo "1540"]
[BlackElo "1640"]
[Result "0-1"]
1.e4 e5
2.Bf1c4 Ng8f6
3.d3 d6
4.h3 h6
5.Nb1c3 c6
6.d4 exd4
7.Qd1xd4 Bf8e7
8.Ng1e2 O-O
9.Qd4d3 Nb8d7
10.Qd3g3 Nd7e5
11.Bc1xh6 Nf6h5
12.Qg3e3 Nh5f6
13.Ra1d1 Qd8c7
14.Bh6xg7 Kxg7
15.Qe3g5 Ne5g6
16.Ne2g3 Nf6xe4
17.Ng3h5 Kh7
18.Qg5e3 Ne4xc3
19.Qe3xc3 Ng6e5
20.Bc4e2 Bc8e6
21.b3 f5
22.f4 Rf8g8
23.fxe5 dxe5
24.Rd1d2 Rg8xg2
25.Nh5g3 Be7h4
26.Kf1 Rg2xg3
27.Rd2d3 Ra8g8
28.Rd3xg3 Rg8xg3
29.Qc3c5 f4
30.Be2g4 Be6xg4
31.hxg4 Rg3xg4
32.Qc5f2 Qc7e7
33.Qf2xa7 Rg4g7
34.c3 Qe7g5
35.Qa7f2 Kg8
36.Rh1xh4 Kf7
37.Rh4h1 Qg5f5
38.Qf2f3 Qf5b1
39.Kf2 Qb1xa2
40.Qf3e2 Qa2a7
41.Kf1 Qa7a1
42.Qe2e1 Qa1a6
43.c4 Qa6a3
44.Rh1h3 Qa3a2
45.Qe1e2 Qa2b1
46.Qe2e1 Qb1g6
47.Qe1f2 Qg6b1
48.Qf2e1 Qb1xe1
49.Kxe1 Ke6
50.Ke2 c5
51.Kf3 Kf5
52.Rh3h5 Rg7g5
53.Rh5h6 e4
{ abandon }0-1

[Event "Memorial Lara CIII"]
[Site "www.echecsemail.com"]
[Date "2026.01.26"]
[Round "1"]
[White "Rvsinovitch"]
[Black "Karkaskat"]
[WhiteElo "2030"]
[BlackElo "2100"]
[Result "1-0"]
1.e4 c5
2.Ng1f3 d6
3.d4 cxd4
4.Nf3xd4 Ng8f6
5.Nb1c3 g6
6.Bf1c4 Bf8g7
7.O-O O-O
8.h3 Nb8c6
9.Bc1e3 Bc8d7
10.a3 a6
11.Qd1d2 Ra8c8
12.Bc4a2 b5
13.Rf1e1 Qd8c7
14.Be3h6 Bg7xh6
15.Qd2xh6 Nc6xd4
16.Ra1c1 Bd7e6
17.Ba2b1 Qc7c5
18.Re1e3 Qc5h5
19.Qh6f4 g5
20.Qf4g3 Kh8
21.e5 Nd4f5
22.Qg3h2 Nf5xe3
23.exf6 Ne3d5
24.fxe7 Nd5xe7
25.Qh2xd6 Rf8e8
26.Qd6xa6 Be6c4
27.Nc3xb5 Bc4xb5
28.Qa6xb5 f6
29.c3 Qh5e2
30.Qb5xe2 { abandon }1-0

[Event "Tournoi n27412"]
[Site "www.echecsemail.com"]
[Date "2026.01.26"]
[Round "1"]
[White "Ragg"]
[Black "Patau"]
[WhiteElo "1540"]
[BlackElo "1700"]
[Result "1-0"]
1.d4 d5
2.Ng1f3 Ng8f6
3.Bc1g5 Nf6e4
4.Bg5h4 f6
5.Bh4g3 Ne4xg3
6.hxg3 Bc8f5
7.Nb1c3 e6
8.Rh1h4 c5
9.g4 Bf5e4
10.Nc3xe4 dxe4
11.Nf3d2 Qd8xd4
12.c3 Qd4d5
13.g5 Qd5xg5
14.g3 f5
15.e3 Nb8c6
16.Qd1e2 { abandon }1-0

[Event "Transval 2"]
[Site "www.echecsemail.com"]
[Date "2026.01.26"]
[Round "1"]
[White "Patau"]
[Black "Janolapin"]
[WhiteElo "1690"]
[BlackElo "1690"]
[Result "1-0"]
1.Ng1f3 g6
2.e4 d6
3.d4 Bf8g7
4.c4 e6
5.Nb1c3 Ng8e7
6.Bf1d3 O-O
7.Bc1g5 f6
8.Bg5f4 e5
9.dxe5 fxe5
10.Bf4g5 Bg7f6
11.Nc3d5 Bf6xg5
12.Nd5xe7 Qd8xe7
13.h3 Nb8c6
14.Qd1e2 Nc6b4
15.O-O Nb4xd3
16.Qe2xd3 Qe7f7
17.Nf3xg5 Qf7e7
18.Qd3d5 Kh8
19.f4 Rf8xf4
20.Rf1xf4 c6
21.Qd5f7 { abandon }1-0

[Event "Tournoi n27400"]
[Site "www.echecsemail.com"]
[Date "2026.01.26"]
[Round "1"]
[White "Alain64"]
[Black "U27940"]
[WhiteElo "2090"]
[BlackElo "2080"]
[Result "1-0"]
1.c4 Ng8f6
2.Nb1c3 d5
3.cxd5 Nf6xd5
4.d4 e6
5.e4 Nd5xc3
6.bxc3 c5
7.Ng1f3 cxd4
8.cxd4 Bf8b4
9.Bc1d2 Qd8a5
10.a3 Bb4xd2
11.Qd1xd2 Qa5xd2
12.Nf3xd2 O-O
13.Bf1c4 a6
14.O-O b5
15.Bc4a2 Bc8b7
16.Ra1c1 Nb8c6
17.Nd2f3 Ra8c8
18.Rf1d1 Rf8d8
19.Kf1 Nc6e7
20.Ba2b1 f5
21.Nf3g5 Rd8d6
22.exf5 exf5
23.Bb1a2 Bb7d5
24.Rc1xc8 Ne7xc8
25.Rd1c1 Nc8e7
26.Ba2xd5 Rd6xd5
27.Rc1c7 h6
28.Ng5f3 Kf8
29.Ke2 Rd5d6
30.Rc7a7 Ne7c6
31.Ra7a8 Kf7
32.Nf3e5 Nc6xe5
33.dxe5 Rd6e6
34.f4 g6
35.Ra8a7 Ke8
36.Kd3 g5
37.g3 gxf4
38.gxf4 Re6c6
39.h4 Kf8
40.h5 Kg8
41.Kd4 Rc6c4
42.Kd5 Rc4xf4
43.Ra7xa6 b4
44.axb4 Rf4xb4
45.Ra6xh6 Rb4b5
46.Kd4 Rb5b4
47.Kc5 Rb4e4
48.Kd5 Re4h4
49.e6 Kf8
50.Rh6f6 Ke7
51.Ke5 Rh4xh5
52.Rf6f7 Ke8
53.Rf7a7 f4
54.Kd6 Rh5h6
55.Ra7a8 1-0

[Event "Coupe Niveau 1"]
[Site "www.echecsemail.com"]
[Date "2026.01.26"]
[Round "1"]
[White "Panchoa"]
[Black "Katastrofic"]
[WhiteElo "1610"]
[BlackElo "1390"]
[Result "0-1"]
1.e4 c5
2.Nb1c3 e6
3.Ng1f3 Bf8e7
4.Bf1c4 d6
5.O-O Ng8f6
6.d3 O-O
7.d4 a6
8.dxc5 dxc5
9.Qd1xd8 Rf8xd8
10.Bc1g5 h6
11.Bg5xf6 Be7xf6
12.e5 Bf6e7
13.Nc3e4 Ra8a7
14.a3 b5
15.Bc4e2 Bc8b7
16.Ne4g3 Bb7xf3
17.Be2xf3 Rd8d2
18.Bf3e4 Nb8d7
19.f4 f5
20.Be4d3 c4
21.Bd3e2 Rd2xc2
22.Ra1b1 Nd7c5
23.Be2f3 Ra7d7
24.b4 Rd7d2
25.bxc5 Be7xc5
26.Kh1 Bc5xa3
27.Rb1a1 b4
28.Bf3d1 Rc2b2
29.Bd1a4 Rd2xg2
30.Rf1d1 Rg2xh2
31.Kg1 Rh2g2
32.Kf1 Rg2xg3
33.Ba4b5 axb5
34.Rd1d6 Rg3h3
35.Kg1 Rh3c3
36.Rd6xe6 b3
37.Re6e8 Kh7
38.Re8d8 Rb2a2
39.Ra1b1 b2
{ abandon }0-1

[Event "CC Jan26"]
[Site "www.echecsemail.com"]
[Date "2026.01.26"]
[Round "1"]
[White "Rons"]
[Black "Alain64"]
[WhiteElo "2590"]
[BlackElo "2060"]
[Result "1-0"]
1.e4 e6
2.d4 d5
3.Nb1c3 Bf8b4
4.e5 c5
5.a3 Bb4xc3
6.bxc3 Qd8c7
7.Qd1g4 f5
8.Qg4g3 b6
9.Ng1f3 Bc8a6
10.Bf1xa6 Nb8xa6
11.Nf3g5 Qc7d7
12.Ng5xe6 g6
13.Ne6f4 Ng8e7
14.O-O Ra8c8
15.e6 Qd7c7
16.Qg3g5 O-O
17.h4 Kg7
18.Nf4h5 Kh8
19.Rf1e1 gxh5
20.Bc1f4 Qc7d8
21.Bf4e5 { abandon }1-0

[Event "Michael Tal 30"]
[Site "www.echecsemail.com"]
[Date "2026.01.26"]
[Round "1"]
[White "Orosco"]
[Black "Karkaskat"]
[WhiteElo "2220"]
[BlackElo "2060"]
[Result "1-0"]
1.e4 c5
2.Ng1f3 d6
3.d4 cxd4
4.Nf3xd4 Ng8f6
5.Nb1c3 g6
6.Bc1e3 Bf8g7
7.f3 O-O
8.Qd1d2 Nb8c6
9.Bf1c4 Bc8d7
10.O-O-O a6
11.Nd4xc6 Bd7xc6
12.Be3d4 Ra8c8
13.Bc4b3 b5
14.Kb1 a5
15.a4 b4
16.Nc3b5 Bc6xb5
17.axb5 Nf6e8
18.h4 Bg7xd4
19.Qd2xd4 Qd8c7
20.h5 Qc7c5
21.hxg6 hxg6
22.Rh1h8 1-0

[Event "Défi"]
[Site "www.echecsemail.com"]
[Date "2026.01.26"]
[Round "1"]
[White "Ketchuplover"]
[Black "Castor"]
[WhiteElo "1660"]
[BlackElo "1360"]
[Result "0-1"]
1.Ng1f3 d5
2.d4 e6
3.g3 c5
4.e3 Ng8f6
5.Bf1b5 Nb8c6
6.O-O Bc8d7
7.Nb1d2 Bf8d6
8.c4 a6
9.Bb5xc6 bxc6
10.dxc5 Bd6xc5
11.Nd2b3 Bc5b6
12.c5 Bb6c7
13.a4 Nf6e4
14.a5 Qd8e7
15.Qd1c2 O-O
16.Bc1d2 e5
17.Bd2e1 Bd7g4
18.Kh1 Bg4xf3
{ abandon }0-1

[Event "Eq:modesty-La Diagonale du Fou :"]
[Site "www.echecsemail.com"]
[Date "2026.01.26"]
[Round "1"]
[White "Thierry7ardeche"]
[Black "Darkknight99"]
[WhiteElo "2090"]
[BlackElo "1980"]
[Result "1-0"]
1.e4 c5
2.Ng1f3 Nb8c6
3.c3 g6
4.g3 Bf8g7
5.Bf1g2 e5
6.O-O Ng8e7
7.d3 O-O
8.a4 d6
9.Bc1e3 Bc8e6
10.h3 Qd8d7
11.Kh2 b6
12.Nf3g5 Ra8d8
13.Nb1d2 Qd7c8
14.Ng5xe6 Qc8xe6
15.Nd2f3 Qe6c8
16.Qd1d2 a5
17.Nf3g5 Kh8
18.f4 f5
19.h4 h5
20.exf5 Ne7xf5
21.Bg2xc6 Qc8xc6
22.Ng5e6 Rd8e8
23.Ne6xf8 Re8xf8
24.fxe5 Bg7xe5
25.Be3f4 Be5g7
26.Rf1e1 Qc6d7
27.Qd2e2 Kh7
28.Qe2e6 Qd7c6
29.Re1e4 { abandon }1-0

[Event "Défi"]
[Site "www.echecsemail.com"]
[Date "2026.01.26"]
[Round "1"]
[White "Tunnellavage"]
[Black "Ephixe"]
[WhiteElo "1720"]
[BlackElo "1820"]
[Result "1-0"]
1.e4 e5
2.Ng1f3 Nb8c6
3.g3 Bf8c5
4.Bf1g2 Ng8f6
5.Nb1c3 d6
6.d3 Bc8g4
7.Bc1e3 Bc5xe3
8.fxe3 Qd8d7
9.Qd1d2 O-O-O
10.O-O-O Bg4e6
11.d4 exd4
12.exd4 Be6g4
13.h3 Bg4xf3
14.Bg2xf3 Rd8e8
15.Qd2g2 h6
16.e5 Nf6h7
17.Bf3g4 Re8e6
18.d5 Nc6xe5
19.dxe6 fxe6
20.Qg2f2 Kb8
21.Bg4e2 Rh8f8
22.Qf2g2 Nh7g5
23.Rh1e1 Ne5c6
24.Be2b5 d5
25.h4 Ng5f7
26.Nc3xd5 exd5
27.Rd1xd5 Nf7d6
28.Rd5c5 Nd6xb5
29.Rc5xb5 Kc8
30.Re1d1 Qd7e6
31.Kb1 a6
32.Rb5b3 Rf8e8
33.Qg2d2 Re8d8
34.Rb3d3 Rd8xd3
35.Qd2xd3 Qe6g8
36.Qd3d7 Kb8
37.a3 g5
38.Rd1f1 gxh4
39.gxh4 Nc6a7
40.Rf1e1 { abandon }1-0

[Event "Défi"]
[Site "www.echecsemail.com"]
[Date "2026.01.26"]
[Round "1"]
[White "Bibisept"]
[Black "Caraca2"]
[WhiteElo "1980"]
[BlackElo "1760"]
[Result "0-1"]
1.d4 d5
2.c4 Ng8f6
3.cxd5 Nf6xd5
4.e4 Nd5b6
5.Bc1f4 g6
6.Ng1f3 Bf8g7
7.Nb1c3 a6
8.Bf1e2 O-O
9.O-O c6
10.a4 Bc8g4
11.a5 Nb6d7
12.Ra1a4 b5
13.Ra4b4 Qd8xa5
14.Qd1b3 c5
15.dxc5 Nd7xc5
16.Qb3d5 Qa5xb4
17.Qd5xa8 Qb4xb2
18.Bf4xb8 Qb2xc3
19.Qa8a7 e6
20.Bb8d6 Rf8c8
21.e5 Bg4xf3
22.Be2xf3 Bg7xe5
23.Bd6xe5 Qc3xe5
24.Bf3b7 Nc5xb7
25.Qa7xb7 Rc8b8
26.Qb7xa6 b4
27.f4 Qe5d4
28.Kh1 b3
29.Qa6e2 Rb8c8
30.Qe2b5 Qd4c3
31.h3 b2
32.Kh2 Qc3c1
33.Rf1xc1 bxc1Q
34.f5 Qc1f4
{ abandon }0-1

[Event "Tournoi n27247"]
[Site "www.echecsemail.com"]
[Date "2026.01.27"]
[Round "1"]
[White "Desaintfegor"]
[Black "Kawa750"]
[WhiteElo "1820"]
[BlackElo "1800"]
[Result "1-0"]
1.d4 e6
2.e4 c5
3.Ng1f3 cxd4
4.Nf3xd4 Bf8b4
5.c3 Bb4a5
6.Bf1b5 a6
7.Bb5a4 Ng8e7
8.b4 Ba5b6
9.O-O O-O
10.Bc1g5 h6
11.Bg5h4 Nb8c6
12.Nd4xc6 bxc6
13.Nb1d2 g5
14.Qd1g4 Ne7g6
15.Bh4g3 f5
16.exf5 exf5
17.Qg4f3 f4
18.Qf3h5 Kh7
19.Ba4c2 Rf8g8
20.Bg3xf4 gxf4
21.Nd2f3 d6
22.h4 Qd8f6
23.Nf3g5  { temps }1-0

[Event "Défi"]
[Site "www.echecsemail.com"]
[Date "2026.01.27"]
[Round "1"]
[White "Chomi64"]
[Black "Kawa750"]
[WhiteElo "1860"]
[BlackElo "1820"]
[Result "1-0"]
1.d4 e6
2.e4 d5
3.exd5 Qd8xd5
4.c3 Ng8f6
5.Ng1f3 Bf8e7
6.Bf1d3 O-O
7.Bc1f4 c5
8.Nb1d2 cxd4
9.Nf3xd4 a6
10.O-O Nb8c6
11.Rf1e1  { temps }1-0

[Event "Tournoi n27327"]
[Site "www.echecsemail.com"]
[Date "2026.01.27"]
[Round "1"]
[White "Jyfsk"]
[Black "Bonamur"]
[WhiteElo "1810"]
[BlackElo "1770"]
[Result "1-0"]
1.e4 c5
2.d4 cxd4
3.Qd1xd4 Nb8c6
4.Qd4d1 d6
5.Ng1f3 Ng8f6
6.Bf1d3 a6
7.O-O e6
8.Bc1g5 Bf8e7
9.Nb1c3 O-O
10.Qd1d2 b5
11.a3 Bc8b7
12.Rf1e1 Ra8c8
13.Nc3e2 h6
14.Bg5e3 d5
15.exd5 exd5
16.Re1d1 Nf6e4
17.Bd3xe4 dxe4
18.Nf3d4 Nc6xd4
19.Be3xd4 Qd8c7
20.g3 Qc7xc2
21.Qd2xc2 Rc8xc2
22.Ne2f4 Rf8c8
23.Bd4c3 Be7g5
24.Nf4g2 Bg5e7
25.Ng2e3 Rc2xc3
26.bxc3 Be7f6
27.Ra1c1 Bf6xc3
28.Rd1d7 Bb7c6
29.Rd7d6 Bc6b7
30.Rd6d7 Bb7c6
31.Rd7a7 Bc3d4
32.Ne3f5 { abandon }1-0

[Event "Coupe Niveau 6"]
[Site "www.echecsemail.com"]
[Date "2026.01.27"]
[Round "1"]
[White "Chris04"]
[Black "Stepan24"]
[WhiteElo "2070"]
[BlackElo "2500"]
[Result "0-1"]
1.e4 e6
2.d4 d5
3.Nb1d2 c5
4.Ng1f3 cxd4
5.Nf3xd4 Nb8c6
6.Nd4xc6 bxc6
7.Bf1d3 Ng8f6
8.O-O Bf8d6
9.Rf1e1 Qd8c7
10.Nd2f1 O-O
 { temps }0-1

[Event "Tournoi échelle division 1"]
[Site "www.echecsemail.com"]
[Date "2026.01.27"]
[Round "1"]
[White "Chesslife"]
[Black "Domenico"]
[WhiteElo "1660"]
[BlackElo "1740"]
[Result "1/2-1/2"]
1.e4 e5
2.Ng1f3 d6
3.d4 exd4
4.Nf3xd4 Bf8e7
5.Bf1c4 Ng8f6
6.Nb1c3 O-O
7.O-O c5
8.Nd4f3 a6
9.a3 b5
10.Bc4d3 c4
11.Bd3e2 Bc8e6
12.Nf3d4 d5
13.exd5 Nf6xd5
14.Nc3xd5 Be6xd5
15.Bc1e3 Be7f6
16.c3 Bf6xd4
17.Be3xd4 Qd8g5
18.Be2f3 Bd5xf3
19.Qd1xf3 Nb8d7
20.Ra1d1 Nd7e5
21.Bd4xe5 Qg5xe5
22.Rf1e1 Qe5g5
23.Rd1d4 Ra8e8
24.Re1xe8 Rf8xe8
25.h3 Qg5c1
26.Kh2 Qc1xb2
27.Rd4d7 Re8f8
28.Rd7a7 Qb2xa3
29.Qf3g3 h6
30.Ra7b7 Qa3b3
31.Rb7b6 a5
32.Rb6xh6 b4
33.Rh6b6 Rf8e8
34.cxb4 Qb3xg3
35.Kxg3 axb4
36.Rb6xb4 Re8c8
37.Rb4b2 c3
38.Rb2c2 g5
39.Kg4 f6
40.Kf5 Kg7
41.g4 Kf7
42.f4 gxf4
43.Kxf4 Kg6
44.h4 Rc8c4
45.Kg3 Kh6
46.Kf3 Kg6
47.Rc2c1 Kf7
48.g5 fxg5
49.hxg5 Kg6
50.Ke3 Kxg5
51.Kd3 { nul }1/2-1/2

[Event "Coupe Niveau 4"]
[Site "www.echecsemail.com"]
[Date "2026.01.27"]
[Round "1"]
[White "Woluwe1975"]
[Black "Marcat"]
[WhiteElo "1610"]
[BlackElo "2190"]
[Result "1-0"]
1.e4 e5
2.Ng1f3 Ng8f6
3.Nf3xe5 d6
4.Ne5xf7 Kxf7
5.Nb1c3 Bc8e6
6.d4 Kg8
7.Bf1e2 c5
8.d5 Be6f7
9.Be2f3 Nb8d7
10.Bc1f4 Nd7e5
11.Bf3e2 Bf7g6
12.Bf4xe5 dxe5
13.Be2f3 b5
14.a3 b4
15.axb4 cxb4
16.Nc3b5 Bg6e8
17.Qd1d3 a6
18.c4 axb5
19.O-O bxc4
20.Qd3xc4 Ra8c8
21.Qc4d3 Qd8b6
22.b3 Be8b5
23.Qd3d2 Bb5xf1
24.Kxf1 Qb6d4
25.Qd2e1  { temps }1-0

[Event "Défi"]
[Site "www.echecsemail.com"]
[Date "2026.01.27"]
[Round "1"]
[White "Kawa750"]
[Black "Lancov"]
[WhiteElo "1820"]
[BlackElo "1930"]
[Result "0-1"]
1.d4 d6
2.Nb1c3 Ng8f6
3.Ng1f3 g6
4.Bc1d2 Bf8g7
5.e4 c6
6.Bf1e2 Bc8g4
7.h3 Bg4xf3
8.Be2xf3 Nb8d7
9.O-O e5
10.Bd2g5 h6
11.Bg5e3 Qd8e7
12.Bf3e2 O-O-O
13.d5 Nf6h7
14.Be3xa7 c5
15.Nc3b5 b6
16.c3 Kb7
17.a4 Rd8a8
18.a5 Ra8xa7
19.Nb5xa7 Kxa7
20.axb6 Kxb6
21.Qd1b3 Kc7
22.Ra1a7 Kd8
 { temps }0-1

[Event "Défi"]
[Site "www.echecsemail.com"]
[Date "2026.01.27"]
[Round "1"]
[White "Wenoketo"]
[Black "Berjay"]
[WhiteElo "1670"]
[BlackElo "1700"]
[Result "1-0"]
1.d4 d5
2.Ng1f3 Bc8f5
3.Nb1c3 Nb8c6
4.a3 e6
5.Bc1f4 Bf5g4
6.e3 Ng8f6
7.Bf1e2 Qd8d7
8.h3 Bg4f5
9.O-O O-O-O
10.b4 h6
11.Bf4h2 g5
12.Be2b5 a6
13.Nf3e5 Qd7e8
14.Bb5xc6 bxc6
15.Qd1e2 g4
16.Qe2xa6 Kb8
17.Ne5xc6 Qe8xc6
18.Qa6xc6 Bf8d6
19.Bh2xd6 Rd8xd6
20.Qc6b5 Rd6b6
21.Qb5a4 Kb7
22.Qa4b3 gxh3
23.gxh3 Bf5xh3
24.f3 Nf6h5
25.Nc3a4 Rh8g8
26.Kf2 Rg8g2
27.Ke1 Rb6c6
28.Na4c5 Kc8
29.Qb3a4 Rc6b6
30.Qa4a8 Rb6b8
31.Qa8c6 Nh5f6
32.Nc5a6 Rb8b7
33.Rf1h1 Nf6d7
34.Na6c5 Rb7b6
35.Qc6xd7 Kb8
36.Qd7e8 Ka7
37.Nc5d7 Rb6b7
38.Ra1a2 Bh3f5
39.Rh1xh6 Ka6
40.Nd7c5 Kb6
41.Nc5xb7 Kxb7
42.Qe8b5 Ka7
43.Rh6h8 Rg2g1
44.Kd2 Rg1g2
45.Kc3 f6
46.Qb5b8 Ka6
47.Qb8a8 Kb6
48.Rh8b8 1-0

[Event "Tournoi échelle division 1"]
[Site "www.echecsemail.com"]
[Date "2026.01.27"]
[Round "1"]
[White "Patau"]
[Black "Tahar"]
[WhiteElo "1700"]
[BlackElo "1980"]
[Result "0-1"]
1.e4 e5
2.Ng1f3 d6
3.d4 exd4
4.Qd1xd4 Ng8f6
5.e5 Nb8c6
6.Bf1b5 Nf6d7
7.Bb5xc6 bxc6
8.O-O c5
9.Qd4e3 dxe5
10.Nf3xe5 Nd7xe5
11.Qe3xe5 Qd8e7
12.Rf1e1 Qe7xe5
13.Re1xe5 Bc8e6
14.Nb1c3 Bf8d6
15.Re5e4 O-O
16.Bc1f4 a6
17.Bf4xd6 cxd6
18.Ra1d1 Rf8d8
19.Nc3d5 Ra8a7
20.c4 Kf8
21.f4 Be6f5
22.Re4e3 Bf5e6
23.Rd1e1 Be6xd5
24.cxd5 Ra7a8
25.b3 a5
26.Re3e7 Rd8e8
27.Re7xe8 Ra8xe8
28.Re1xe8 Kxe8
29.Kf2 Ke7
30.Ke3 f5
31.h3 Kd7
32.g4 g6
33.gxf5 gxf5
34.a3 h6
35.h4 h5
36.Kd3 Kc7
37.Kc4 Kb6
38.b4 cxb4
39.axb4 a4
40.b5 a3
41.Kb3 Kxb5
42.Kxa3 Kc4
43.Ka4 Kxd5
44.Kb3 Ke4
{ abandon }0-1

[Event "Défi"]
[Site "www.echecsemail.com"]
[Date "2026.01.27"]
[Round "1"]
[White "Vvvv"]
[Black "Kawa750"]
[WhiteElo "1720"]
[BlackElo "1810"]
[Result "1-0"]
1.e4 c5
2.Ng1f3 Nb8c6
3.d4 cxd4
4.Nf3xd4 e6
5.a3 Nc6xd4
6.Qd1xd4 Ng8f6
7.Nb1d2 Bf8e7
8.Bf1c4 d5
9.exd5 exd5
10.Bc4b5 Bc8d7
11.c4 Bd7xb5
12.cxb5 O-O
13.O-O Qd8a5
14.a4 Ra8c8
15.Nd2b3 Qa5b6
16.Bc1e3 Qb6xd4
17.Nb3xd4 Nf6e4
18.Nd4f5 Be7f6
19.Ra1d1 b6
20.Be3d4 Rc8c2
21.Bd4xf6 gxf6
22.Nf5e7 Kg7
23.Ne7f5 Kg6
24.Nf5e7 Kg7
25.Rd1xd5 Rc2xb2
26.Ne7f5 Kg8
27.f3 Ne4c3
28.Rd5d7 Nc3e2
29.Kh1 Ne2f4
30.g4 Nf4h3
31.Nf5e7 Kh8
32.Rd7xa7 Rf8e8
33.Ne7f5 h5
34.Nf5d6 Re8e2
35.Nd6xf7 Kg8
36.Nf7h6 Kf8
37.Ra7a8 Ke7
38.Nh6f5 Kd7
39.Ra8a7 Kc8
40.Nf5d6 Kd8
41.Nd6f7 Ke8
42.Nf7d6 Kd8
43.Nd6f7 Ke8
44.Nf7d6 Kf8
45.Ra7a8 Kg7
46.Nd6f5 Kf7
47.Nf5d6 Ke6
48.Ra8e8 Kxd6
49.Re8xe2  { temps }1-0

[Event "Eq:Avalon-Les Gens du Sud :"]
[Site "www.echecsemail.com"]
[Date "2026.01.27"]
[Round "1"]
[White "Neddy"]
[Black "Rachess"]
[WhiteElo "1410"]
[BlackElo "1560"]
[Result "1-0"]
1.e4 e6
2.d4 d5
3.e5 a6
4.Ng1f3 c5
5.b3 Nb8c6
6.Bc1e3 b6
7.c3 Ng8e7
8.Bf1d3  { temps }1-0

[Event "Défi"]
[Site "www.echecsemail.com"]
[Date "2026.01.27"]
[Round "1"]
[White "Kawa750"]
[Black "Chomi64"]
[WhiteElo "1800"]
[BlackElo "1850"]
[Result "0-1"]
1.g4 d5
2.Bf1g2 Bc8xg4
3.c4 e6
4.Nb1c3 c6
5.cxd5 exd5
6.d4 h6
7.Qd1b3 Qd8b6
8.Qb3xb6 axb6
9.Bc1f4 Ng8f6
10.h3 Bg4f5
11.Ng1f3 b5
12.e3 b4
13.Nc3e2 Bf5d3
14.Kd2 Bd3b5
15.Rh1c1 Nf6e4
16.Ke1 Nb8d7
17.Nf3e5 Bf8e7
18.a3 Nd7b6
19.axb4 Be7xb4
20.Kf1 Ne4d2
21.Kg1 Nd2b3
22.Ra1xa8 Nb6xa8
23.Ne2c3 Bb5a6
24.Rc1b1 Na8b6
25.Bg2f1 Ba6xf1
26.Kxf1 Ke7
27.Ke2 Nb6c4
28.Ne5xc4 dxc4
 { temps }0-1

[Event "Défi"]
[Site "www.echecsemail.com"]
[Date "2026.01.27"]
[Round "1"]
[White "Kawa750"]
[Black "Luz"]
[WhiteElo "1790"]
[BlackElo "1750"]
[Result "0-1"]
1.e4 e5
2.Nb1c3 Nb8c6
3.Ng1f3 d6
4.Bf1c4 Ng8f6
5.Nf3g5 Bc8e6
6.Bc4xe6 fxe6
7.Ng5xe6 Qd8e7
8.Ne6xf8 Qe7xf8
9.O-O Qf8f7
10.d3 O-O
 { temps }0-1

[Event "Eq:Les Rois du Succes-Fair play :"]
[Site "www.echecsemail.com"]
[Date "2026.01.27"]
[Round "1"]
[White "Rons"]
[Black "Mb2021"]
[WhiteElo "2580"]
[BlackElo "2070"]
[Result "1-0"]
1.e4 d5
2.exd5 Qd8xd5
3.Nb1c3 Qd5a5
4.Bf1c4 Ng8f6
5.d3 c6
6.Qd1e2 Bc8f5
7.Bc1d2 e6
8.Ng1f3 Qa5c7
9.Nf3d4 Bf5g6
10.Bc4xe6 fxe6
11.Nd4xe6 { abandon }1-0

[Event "Coupe Niveau 2"]
[Site "www.echecsemail.com"]
[Date "2026.01.27"]
[Round "1"]
[White "Woluwe1975"]
[Black "Katastrofic"]
[WhiteElo "1630"]
[BlackElo "1350"]
[Result "1-0"]
1.e4 e5
2.Ng1f3 d6
3.Nb1c3 Bf8e7
4.d4 exd4
5.Qd1xd4 Be7f6
6.e5 Bf6xe5
7.Nf3xe5 dxe5
8.Qd4xd8 Kxd8
9.Bf1c4 Ke7
10.Nc3d5 Kd7
11.O-O Ng8e7
12.Nd5b4 f6
13.Rf1d1 Ke8
14.Bc1e3 c6
15.Bc4b3 a5
16.Nb4d3 a4
17.Bb3c4 b5
18.Bc4b3 axb3
19.axb3 Kf7
20.Ra1xa8 { abandon }1-0

[Event "Coupe Niveau 3"]
[Site "www.echecsemail.com"]
[Date "2026.01.27"]
[Round "1"]
[White "Panchoa"]
[Black "Luc20"]
[WhiteElo "1630"]
[BlackElo "1830"]
[Result "1-0"]
1.e4 e6
2.Nb1c3 c6
3.d3 Ng8e7
4.Bc1g5 d6
5.Bf1e2 Nb8d7
6.e5 Nd7xe5
7.Nc3e4 d5
8.Ne4c5 Qd8b6
9.d4 Ne5g6
10.Ng1f3 Ra8b8
11.O-O Ne7f5
12.Qd1d3 Bf8xc5
13.dxc5 Qb6xc5
14.Ra1d1 O-O
15.c3 a6
16.b4 Qc5d6
17.g3 f6
18.Bg5e3 Nf5xe3
19.Qd3xe3 e5
20.c4 d4
21.Qe3e4 Qd6xb4
22.Nf3h4 Ng6e7
23.Rd1c1 Bc8h3
24.Rf1d1 c5
25.Rc1b1 Qb4a5
26.Rb1xb7 Qa5xa2
27.Rb7xe7 Rb8b2
28.Qe4d5 Kh8
29.Qd5f7 Rf8g8
30.Re7e8 Rb2b8
31.Qf7xg8 1-0

[Event "Coupe Niveau 2"]
[Site "www.echecsemail.com"]
[Date "2026.01.27"]
[Round "1"]
[White "Nemesis"]
[Black "Woluwe1975"]
[WhiteElo "1809"]
[BlackElo "1630"]
[Result "1-0"]
1.e4 c5
2.Ng1f3 Nb8c6
3.Nb1c3 e6
4.d4 cxd4
5.Nf3xd4 Bf8c5
6.Nd4b5 d6
7.Bc1f4 e5
8.Bf4e3 Nc6d4
9.Nb5xd4 exd4
10.Be3xd4 Ng8f6
11.Bd4xc5 dxc5
12.Qd1xd8 Kxd8
13.O-O-O Ke7
14.e5 Nf6g4
15.Nc3d5 Kd8
16.Nd5b6 Ke7
17.Nb6xa8 Ng4xe5
18.Bf1e2 Bc8e6
19.Na8c7 { abandon }1-0

[Event "Défi"]
[Site "www.echecsemail.com"]
[Date "2026.01.27"]
[Round "1"]
[White "Chomi64"]
[Black "Kawa750"]
[WhiteElo "1860"]
[BlackElo "1800"]
[Result "1-0"]
1.d4 d5
2.Ng1f3 Ng8f6
3.Nb1d2 Nb8c6
4.e3 Bc8f5
5.a3 e6
6.Bf1b5 a6
7.Bb5a4 Bf8d6
8.O-O b5
9.Ba4b3 Nf6e4
10.Nd2xe4 dxe4
11.Nf3e5 Nc6xe5
12.dxe5 Bd6xe5
13.c3 c5
14.h3 c4
15.Bb3c2 O-O
16.Qd1h5 Qd8f6
17.Rf1d1  { temps }1-0

[Event "Tournoi n27355"]
[Site "www.echecsemail.com"]
[Date "2026.01.27"]
[Round "1"]
[White "Gognol"]
[Black "Leredoutable"]
[WhiteElo "1900"]
[BlackElo "1760"]
[Result "1-0"]
1.e4 e5
2.Ng1f3 Nb8c6
3.h3 Ng8f6
4.d3 Bf8e7
5.c3 O-O
6.Qd1d2 d5
7.exd5 Nf6xd5
8.Bf1e2 Bc8f5
9.g3 Nd5f6
10.Nb1a3 Be7xa3
11.bxa3 Rf8e8
12.Nf3h4 Bf5e6
13.Bc1b2 Be6d5
14.f3 Nf6h5
15.Nh4f5 Nh5f6
16.a4 Nc6e7
17.Nf5e3 Bd5e6
18.c4 Nf6d7
19.Ne3g4 Ne7c6
20.O-O Be6xg4
21.hxg4 Nc6e7
22.Kg2 f5
23.g5 Ne7g6
24.Rf1h1 e4
25.f4 Nd7c5
26.Qd2c3 Nc5e6
27.d4 Qd8e7
28.Qc3b3 Ra8d8
29.c5 c6
30.Rh1h2 Kh8
31.Qb3c2 Ne6xd4
32.Bb2xd4 Rd8xd4
33.Ra1h1 Qe7c7
34.Qc2c3 Re8d8
35.Qc3b3 Ng6f8
36.Rh2h4 Rd8d7
37.Kh3 g6
38.Qb3c3 Kg8
39.Be2c4 Kg7
40.Rh1d1 Qc7d8
41.Kg2 b6
42.cxb6 axb6
43.Kf2 c5
44.Ke3 Rd7d6
45.Rh4h2 Qd8a8
46.Bc4b3 Qa8c6
47.Rh2c2 Nf8d7
48.Ke2 Kf8
49.Rd1xd4 Rd6xd4
50.Qc3xd4 cxd4
51.Rc2xc6 d3
52.Kd2 Ke7
53.Bb3g8 { abandon }1-0

[Event "Défi( 10J+24H/c 10J Max )"]
[Site "www.echecsemail.com"]
[Date "2026.01.27"]
[Round "1"]
[White "Kawa750"]
[Black "Tunnellavage"]
[WhiteElo "1760"]
[BlackElo "1740"]
[Result "0-1"]
1.d4 Ng8f6
2.c4 e6
3.Nb1c3 c6
4.d5 cxd5
5.cxd5 exd5
6.Bc1g5 Bf8e7
7.Ng1f3 b6
8.Bg5xf6 Be7xf6
 { temps }0-1

[Event "Défi( 10J+24H/c 10J Max )"]
[Site "www.echecsemail.com"]
[Date "2026.01.27"]
[Round "1"]
[White "Tunnellavage"]
[Black "Kawa750"]
[WhiteElo "1740"]
[BlackElo "1760"]
[Result "1-0"]
1.e4 c5
2.Ng1f3 Nb8c6
3.Bf1c4 e6
4.Nb1c3 Ng8f6
5.d3 Bf8e7
6.a3 O-O
7.h3 d5
8.exd5  { temps }1-0

[Event "Tournoi échelle élite"]
[Site "www.echecsemail.com"]
[Date "2026.01.27"]
[Round "1"]
[White "Alain64"]
[Black "Domenico"]
[WhiteElo "2070"]
[BlackElo "1800"]
[Result "1-0"]
1.c4 e5
2.Nb1c3 d6
3.g3 Bf8e7
4.Bf1g2 Ng8f6
5.Ng1f3 O-O
6.d3 Bc8g4
7.O-O Nb8c6
8.a3 Nf6h5
9.h3 Bg4xf3
10.Bg2xf3 Nc6d4
11.Bf3xh5 Qd8d7
12.Kh2 Qd7f5
13.Bh5g4 Qf5g6
14.e3 f5
15.Bg4e2 Nd4e6
16.f4 exf4
17.exf4 Ne6d4
18.Be2h5 Qg6h6
19.Bc1e3 Nd4e6
20.Bh5f3 c6
21.d4 a5
22.d5 Ne6c5
23.dxc6 bxc6
24.Bf3xc6 Ra8b8
25.Nc3b5 Rf8f6
26.Rf1e1 a4
27.Bc6d5 Nc5e6
28.Nb5c7 Kh8
29.Nc7xe6 Rb8xb2
30.Re1e2 Rb2xe2
31.Qd1xe2 Rf6xe6
32.Bd5xe6 Qh6xe6
33.Ra1b1 h5
34.Rb1b8 Kh7
35.Qe2xh5 Qe6h6
36.Qh5xf5 g6
37.Qf5f7 Qh6g7
38.Qf7xg7 { abandon }1-0

[Event "Défi( 10J+24H/c 10J Max )"]
[Site "www.echecsemail.com"]
[Date "2026.01.27"]
[Round "1"]
[White "Minon"]
[Black "Poison"]
[WhiteElo "1930"]
[BlackElo "1070"]
[Result "1-0"]
1.e4 e5
2.Ng1f3 Ng8f6
3.Bf1c4 d6
4.Nf3g5 Rh8g8
5.Bc4xf7 Ke7
6.Bf7xg8 Nf6xg8
7.Qd1f3 Nb8c6
8.Qf3f7 1-0

[Event "Défi"]
[Site "www.echecsemail.com"]
[Date "2026.01.27"]
[Round "1"]
[White "Kawa750"]
[Black "Chessmat"]
[WhiteElo "1800"]
[BlackElo "1299"]
[Result "0-1"]
1.d4 Ng8f6
2.Nb1c3 d5
3.Ng1f3 c6
4.Bc1f4 Nf6h5
5.Bf4d2 Nh5f6
6.h3 Nb8d7
7.Bd2f4 e6
8.Nf3e5 Nd7xe5
9.Bf4xe5 Bf8d6
10.f4 O-O
11.e3 Bd6e7
 { temps }0-1

[Event "Défi"]
[Site "www.echecsemail.com"]
[Date "2026.01.27"]
[Round "1"]
[White "Chessmat"]
[Black "Kawa750"]
[WhiteElo "1299"]
[BlackElo "1800"]
[Result "1-0"]
1.e4 c5
2.Ng1f3 e6
3.d4 cxd4
4.Nf3xd4 Nb8c6
5.Nd4xc6 bxc6
6.Nb1c3 Bc8b7
7.Bf1d3 Bf8b4
8.Bc1d2 Ng8e7
9.O-O O-O
10.a3 Bb4a5
11.b4 Ba5b6
12.Nc3a4  { temps }1-0